Statistiques concernant Capitales contenant plus de deux mots

Cliquez ici pour prendre le quiz!

Statistiques générales

  • Ce quiz a été pris 217 fois
  • Le résultat moyen est 19 sur 32

Statistiques - réponses

Capitales% Correct
Port-au-Prince
80%
Andorre-la-Vieille
77%
Saint-Marin
77%
Le Caire
73%
La Valette
71%
Le Cap
71%
Port-Louis
71%
Buenos Aires
70%
Port-d'Espagne
67%
Port Moresby
67%
La Havane
66%
La Paz
64%
Oulan-Bator
64%
Saint John's
64%
San José
64%
Kuala Lumpur
63%
Saint-Domingue
63%
San Salvador
63%
New Delhi
62%
Saint-Georges
62%
São Tomé
62%
Addis-Abeba
61%
Port-Vila
59%
Phnom Penh
58%
Bandar Seri Begawan
57%
Porto-Novo
56%
Abou Dabi
54%
Sri Jayawardenepura Kotte
43%
Tarawa-Sud
27%
Tel Aviv-Jaffa
18%
Cité du Vatican
13%
Delap-Uliga-Darrit
2%

Distribution des résultats

Percentile par nombre de réponses

% des personnes avec chaque résultat

Votre développement - résultats

Vous n’avez pas pris ce quiz